000 00423nam a2200181Ia 4500
001 18455
005 20260306171632.0
008 260306s9999||||xx |||||||||||||| ||und||
041 _aESP
082 _a658.405
_bC49
100 _aCerini, Silvana María
_eAUT
245 0 _aManual de negociación
260 _c2006
300 _a82 páginas :
_c23 cm.
650 _aGEN
654 _aCAN
942 _cLIB
_dJUS
_fJUS
_2ddc
_n
999 _c18455
_d18455